000 01563cam a22002771i 4500
003 SA-RiAUC
005 20250409071656.0
008 250409s1998 le g b 00010 ara c
040 _aSA-RiAUC
_bara
_cSA-RiAUC
_erda
082 0 4 _a237
_qSA-RiAUC
090 _a237
_bا ب ن ك
100 1 _aابن كثير، إسماعيل بن عمر بن كثير،
_d701-774 هجري
_eمؤلف.
245 1 0 _aمسند أبي سعيد الخدري رضي الله عنه من جامع المسانيد والسنن الهادي لأقوام سنن /
_cللإمام الحافظ عماد الدين إسماعيل بن عمر بن كثير ؛ دراسة وتحقيق عبد الملك بن عبد الله بن دهيش.
250 _aالطبعة الثانية.
264 1 _aبيروت :
_bدار خضر للطباعة والنشر،
_c1998
300 _a500 صفحة :
_c24 سم
336 _aنص
_btxt
_2rdacontent
_3كتاب
337 _aبدون وسيط
_bn
_2rdamedia
338 _aمجلد
_bnc
_2rdacarrier
504 _aيشتمل على إرجاعات ببليوجرافية.
650 7 _aالحديث
_xالمسانيد
_2aucsh
700 1 2 _iتحقيق لـ (عمل) :
_aابن كثير، إسماعيل بن عمر بن كثير،
_d701-774 هجري.
_tمسند أبي سعيد الخدري رضي الله عنه من جامع المسانيد والسنن الهادي لأقوام سنن
700 1 _aابن دهيش، عبد الملك بن عبد الله،
_d1360 هجري-
_eمعد.
942 _2ddc
_cBOOK
949 _aSA-JeALM
_d250409
_ukhaled123
_n1
999 _c6800
_d6800